<?xml version="1.0" encoding="UTF-8"?>
<record
    xmlns:xsi="http://www.w3.org/2001/XMLSchema-instance"
    xsi:schemaLocation="http://www.loc.gov/MARC21/slim http://www.loc.gov/standards/marcxml/schema/MARC21slim.xsd"
    xmlns="http://www.loc.gov/MARC21/slim">

  <leader>02357cam a2200577 i 4500</leader>
  <controlfield tag="001">xx001936151</controlfield>
  <controlfield tag="003">NUKAT</controlfield>
  <controlfield tag="005">20260421110027.0</controlfield>
  <controlfield tag="008">110124s2010    pl a         |001 0 pol c</controlfield>
  <datafield tag="020" ind1=" " ind2=" ">
    <subfield code="a">9788323222125</subfield>
    <subfield code="q">(oprawa mi&#x119;kka)</subfield>
  </datafield>
  <datafield tag="035" ind1=" " ind2=" ">
    <subfield code="a">(OCoLC)750899813</subfield>
  </datafield>
  <datafield tag="035" ind1=" " ind2=" ">
    <subfield code="a">(NUKAT)xx001936151</subfield>
  </datafield>
  <datafield tag="040" ind1=" " ind2=" ">
    <subfield code="a">SZCZ M/KB</subfield>
    <subfield code="b">pol</subfield>
    <subfield code="e">rda</subfield>
    <subfield code="c">SZCZ M/KB</subfield>
    <subfield code="d">WA U/DNs</subfield>
    <subfield code="d">GD PAN/JSs</subfield>
    <subfield code="d">OLSZT 008/bak</subfield>
  </datafield>
  <datafield tag="041" ind1="0" ind2=" ">
    <subfield code="a">pol</subfield>
    <subfield code="b">eng</subfield>
  </datafield>
  <datafield tag="046" ind1=" " ind2=" ">
    <subfield code="k">2010</subfield>
  </datafield>
  <datafield tag="245" ind1="0" ind2="0">
    <subfield code="a">Fenomen ducha Europy /</subfield>
    <subfield code="c">redakcja naukowa Marek J&#x119;draszewski, Miros&#x142;aw Loba, Dorota Jewdokimow.</subfield>
  </datafield>
  <datafield tag="260" ind1=" " ind2=" ">
    <subfield code="a">Pozna&#x144; :</subfield>
    <subfield code="b">Wydawnictwo Naukowe Uniwersytetu im. Adama Mickiewicza,</subfield>
    <subfield code="c">2010.</subfield>
  </datafield>
  <datafield tag="300" ind1=" " ind2=" ">
    <subfield code="a">314 stron, [8] strony tablic ;</subfield>
    <subfield code="c">24 cm.</subfield>
  </datafield>
  <datafield tag="336" ind1=" " ind2=" ">
    <subfield code="a">Tekst</subfield>
    <subfield code="b">txt</subfield>
    <subfield code="2">rdacontent</subfield>
  </datafield>
  <datafield tag="337" ind1=" " ind2=" ">
    <subfield code="a">Bez urz&#x105;dzenia po&#x15B;rednicz&#x105;cego</subfield>
    <subfield code="b">n</subfield>
    <subfield code="2">rdamedia</subfield>
  </datafield>
  <datafield tag="338" ind1=" " ind2=" ">
    <subfield code="a">Wolumin</subfield>
    <subfield code="b">nc</subfield>
    <subfield code="2">rdacarrier</subfield>
  </datafield>
  <datafield tag="380" ind1=" " ind2=" ">
    <subfield code="a">Ksi&#x105;&#x17C;ki</subfield>
  </datafield>
  <datafield tag="380" ind1=" " ind2=" ">
    <subfield code="a">Publikacje naukowe</subfield>
  </datafield>
  <datafield tag="388" ind1="1" ind2=" ">
    <subfield code="a">2001-</subfield>
  </datafield>
  <datafield tag="490" ind1="1" ind2=" ">
    <subfield code="a">Seria Filozofia i Logika / Uniwersytet im. Adama Mickiewicza w Poznaniu,</subfield>
    <subfield code="x">0083-4246 ;</subfield>
    <subfield code="v">nr 109</subfield>
  </datafield>
  <datafield tag="500" ind1=" " ind2=" ">
    <subfield code="a">Noty o autorach.</subfield>
  </datafield>
  <datafield tag="504" ind1=" " ind2=" ">
    <subfield code="a">Indeks.</subfield>
  </datafield>
  <datafield tag="546" ind1=" " ind2=" ">
    <subfield code="a">Streszczenie w j&#x119;zyku angielskim.</subfield>
  </datafield>
  <datafield tag="650" ind1=" " ind2="7">
    <subfield code="a">Chrze&#x15B;cija&#x144;stwo</subfield>
    <subfield code="2">DBN</subfield>
    <subfield code="9">40337</subfield>
  </datafield>
  <datafield tag="650" ind1=" " ind2="7">
    <subfield code="a">Filozofia kultury</subfield>
    <subfield code="2">DBN</subfield>
    <subfield code="9">40338</subfield>
  </datafield>
  <datafield tag="650" ind1=" " ind2="7">
    <subfield code="a">Integracja europejska</subfield>
    <subfield code="2">DBN</subfield>
    <subfield code="9">38005</subfield>
  </datafield>
  <datafield tag="650" ind1=" " ind2="7">
    <subfield code="a">Kultura</subfield>
    <subfield code="2">DBN</subfield>
    <subfield code="9">35073</subfield>
  </datafield>
  <datafield tag="650" ind1=" " ind2="7">
    <subfield code="a">&#x15A;wiadomo&#x15B;&#x107; spo&#x142;eczna</subfield>
    <subfield code="2">DBN</subfield>
    <subfield code="9">35235</subfield>
  </datafield>
  <datafield tag="650" ind1=" " ind2="7">
    <subfield code="a">Kultura</subfield>
    <subfield code="x">filozofia</subfield>
    <subfield code="y">20 w.</subfield>
    <subfield code="2">kaba</subfield>
    <subfield code="9">40339</subfield>
  </datafield>
  <datafield tag="650" ind1=" " ind2="7">
    <subfield code="a">Chrze&#x15B;cija&#x144;stwo</subfield>
    <subfield code="z">Europa</subfield>
    <subfield code="y">1990-.</subfield>
    <subfield code="2">kaba</subfield>
    <subfield code="9">40340</subfield>
  </datafield>
  <datafield tag="650" ind1=" " ind2="7">
    <subfield code="a">Chrze&#x15B;cija&#x144;stwo</subfield>
    <subfield code="z">Europa</subfield>
    <subfield code="x">historia.</subfield>
    <subfield code="2">kaba</subfield>
    <subfield code="9">40341</subfield>
  </datafield>
  <datafield tag="651" ind1=" " ind2="7">
    <subfield code="a">Europa</subfield>
    <subfield code="2">DBN</subfield>
    <subfield code="9">35699</subfield>
  </datafield>
  <datafield tag="651" ind1=" " ind2="7">
    <subfield code="a">Europa</subfield>
    <subfield code="x">cywilizacja</subfield>
    <subfield code="y">1990-.</subfield>
    <subfield code="2">kaba</subfield>
    <subfield code="9">40342</subfield>
  </datafield>
  <datafield tag="651" ind1=" " ind2="7">
    <subfield code="a">Europa</subfield>
    <subfield code="x">cywilizacja</subfield>
    <subfield code="x">historia.</subfield>
    <subfield code="2">kaba</subfield>
    <subfield code="9">40343</subfield>
  </datafield>
  <datafield tag="655" ind1=" " ind2="7">
    <subfield code="a">Praca zbiorowa</subfield>
    <subfield code="2">DBN</subfield>
    <subfield code="9">35107</subfield>
  </datafield>
  <datafield tag="658" ind1=" " ind2=" ">
    <subfield code="a">Etnologia i antropologia kulturowa</subfield>
  </datafield>
  <datafield tag="658" ind1=" " ind2=" ">
    <subfield code="a">Religia i duchowo&#x15B;&#x107;</subfield>
  </datafield>
  <datafield tag="658" ind1=" " ind2=" ">
    <subfield code="a">Socjologia i spo&#x142;ecze&#x144;stwo</subfield>
  </datafield>
  <datafield tag="700" ind1="1" ind2=" ">
    <subfield code="a">Jewdokimow, Dorota</subfield>
    <subfield code="c">(kulturoznawstwo).</subfield>
    <subfield code="e">Redakcja</subfield>
    <subfield code="9">40335</subfield>
  </datafield>
  <datafield tag="700" ind1="1" ind2=" ">
    <subfield code="a">J&#x119;draszewski, Marek</subfield>
    <subfield code="d">(1949- ).</subfield>
    <subfield code="e">Redakcja</subfield>
    <subfield code="9">40333</subfield>
  </datafield>
  <datafield tag="700" ind1="1" ind2=" ">
    <subfield code="a">Loba, Miros&#x142;aw</subfield>
    <subfield code="d">(1961- ).</subfield>
    <subfield code="e">Redakcja</subfield>
    <subfield code="9">40334</subfield>
  </datafield>
  <datafield tag="710" ind1="2" ind2=" ">
    <subfield code="a">Uniwersytet im. Adama Mickiewicza (Pozna&#x144;).</subfield>
    <subfield code="b">Wydawnictwo Naukowe.</subfield>
    <subfield code="e">Wydawca</subfield>
    <subfield code="4">pbl</subfield>
    <subfield code="9">22738</subfield>
  </datafield>
  <datafield tag="830" ind1=" " ind2="0">
    <subfield code="a">Filozofia i Logika (Uniwersytet im. Adama Mickiewicza w Poznaniu)</subfield>
    <subfield code="x">0083-4246</subfield>
    <subfield code="v">nr 109</subfield>
    <subfield code="9">40336</subfield>
  </datafield>
  <datafield tag="920" ind1=" " ind2=" ">
    <subfield code="a">978-83-232-2212-5 (oprawa mi&#x119;kka)</subfield>
  </datafield>
  <datafield tag="942" ind1=" " ind2=" ">
    <subfield code="2">ddc</subfield>
    <subfield code="c">BK_NM</subfield>
  </datafield>
  <datafield tag="999" ind1=" " ind2=" ">
    <subfield code="c">27707</subfield>
    <subfield code="d">27707</subfield>
  </datafield>
  <datafield tag="952" ind1=" " ind2=" ">
    <subfield code="0">0</subfield>
    <subfield code="1">0</subfield>
    <subfield code="2">ddc</subfield>
    <subfield code="4">0</subfield>
    <subfield code="7">0</subfield>
    <subfield code="8">K_mag</subfield>
    <subfield code="a">BIP</subfield>
    <subfield code="b">BIP</subfield>
    <subfield code="d">2017-07-03</subfield>
    <subfield code="e">W-44/2017</subfield>
    <subfield code="f">W</subfield>
    <subfield code="g">35.00</subfield>
    <subfield code="i">59915</subfield>
    <subfield code="l">0</subfield>
    <subfield code="o">59915</subfield>
    <subfield code="p">IPWK21614</subfield>
    <subfield code="r">2026-04-21 11:01:48</subfield>
    <subfield code="w">2026-04-21</subfield>
    <subfield code="y">BK_NM</subfield>
  </datafield>
</record>
